Factors Affecting Female Entrepreneurs, Barriers to Female Entrepreneurship and Entrepreneurial Support in Slovakia
Skúmanie mnohostranných výziev, ktorým čelia ženy - podnikateľky na Slovensku s dôrazom na štrukturálne a sociokultúrne bariéry, ako je rodová nerovnosť, inštitucionálna neefektívnosť a pretrvávajúce stereotypy, ktoré obmedzujú podnikateľský potenciál žien.
Salvato in:
| Autore principale: | |
|---|---|
| Natura: | Capitolo di libro |
| Lingua: | inglese |
| Soggetti: | |
| Tags: |
Nessun Tag, puoi essere il primo ad aggiungerne!!
|
MARC
| LEADER | 00000naa$a2200000$$$4500 | ||
|---|---|---|---|
| 001 | 0310833 | ||
| 005 | 20250619092128.4 | ||
| 041 | 0 | |a eng | |
| 044 | |a SK | ||
| 245 | 1 | 0 | |a Factors Affecting Female Entrepreneurs, Barriers to Female Entrepreneurship and Entrepreneurial Support in Slovakia |c Barbora Brušková |
| 520 | |a Skúmanie mnohostranných výziev, ktorým čelia ženy - podnikateľky na Slovensku s dôrazom na štrukturálne a sociokultúrne bariéry, ako je rodová nerovnosť, inštitucionálna neefektívnosť a pretrvávajúce stereotypy, ktoré obmedzujú podnikateľský potenciál žien. | ||
| 610 | 2 | 0 | |a podnikanie |
| 610 | 2 | 0 | |a podnikatelia |
| 610 | 2 | 0 | |a ženy |
| 610 | 2 | 0 | |a bariéry podnikania |
| 610 | 2 | 0 | |a podpora podnikania |
| 610 | 2 | 0 | |a Slovensko |
| 610 | 2 | 0 | |a rovnosť rodová |
| 100 | 1 | |a Brušková, Barbora, 1996- | |